Normal view
MARC view
- Alam, Asadollah,
Entry Personal Name
001 - CONTROL NUMBER
- control field: 12801
003 - CONTROL NUMBER IDENTIFIER
- control field: NUST
005 - DATE AND TIME OF LATEST TRANSACTION
- control field: 20181229055939.0
008 - FIXED-LENGTH DATA ELEMENTS
- fixed length control field: 181229|| aca||aabn | a|a d
040 ## - CATALOGING SOURCE
- Original cataloging agency: NUST
- Transcribing agency: NUST
100 ## - HEADING--PERSONAL NAME
- Personal name: Alam, Asadollah,
- Dates associated with a name: 1919-1978
- General subdivision: Diaries.
670 ## - SOURCE DATA FOUND
- Source citation: Work cat.: (NUST)0: Alam, Asadollah, 1919-1978. 12800, The Shah and I :, 1992.
